Využitie počítača v plánovacom procese v priemyselnom podniku s dôrazom na MTZ záverečná práca postgraduálneho štúdia

Gespeichert in:
Bibliographische Detailangaben
1. Verfasser: Kušnír, Peter
Körperschaft: Vysoká škola ekonomická v Bratislave
Weitere Verfasser: Pilková, Anna
Format: Buch
Sprache:Slowakisch
Veröffentlicht: Bratislava 1987
Tags: Tag hinzufügen
Keine Tags, Fügen Sie das erste Tag hinzu!

MARC

LEADER 00000nam a2200000 4500
001 c024630
005 20240730114110.9
041 0 |a slo 
044 |a SK 
245 1 0 |a Využitie počítača v plánovacom procese v priemyselnom podniku s dôrazom na MTZ  |b záverečná práca postgraduálneho štúdia  |c Peter Kušnír ; Ved. práce Anna Pilková 
264 1 |a Bratislava  |c 1987 
300 |a 39 s. 
100 1 |a Kušnír, Peter 
700 1 |a Pilková, Anna 
710 2 |a Vysoká škola ekonomická v Bratislave